000 00398nam a22001457a 4500
020 _qHB.
040 _cFIZZA ISHAQ
082 _a621.384
_bKAU
100 _a Kaufman, Milton.
_941683
245 _aRadio operator's license Q & A manual /
_c Milton Kaufman.
250 _a5th edition.
260 _aNew York:
_bJ. F. Rider Publisher, Inc.
_c1955.
300 _a735 P. ;
_c21.5 cm
942 _2ddc
_cBK
999 _c617343
_d617343